MyGZULibrary

Akanyangira yaona / (Record no. 1047)

MARC details
000 -LEADER
fixed length control field 00684cam a2200217 a 4500
001 - CONTROL NUMBER
control field 3794938
003 - CONTROL NUMBER IDENTIFIER
control field GZU
005 - DATE AND TIME OF LATEST TRANSACTION
control field 20200922101023.0
008 - FIXED-LENGTH DATA ELEMENTS--GENERAL INFORMATION
fixed length control field 840920s1979 rh 000 1 sna
010 ## - LIBRARY OF CONGRESS CONTROL NUMBER
LC control number 84168090
020 ## - INTERNATIONAL STANDARD BOOK NUMBER
International Standard Book Number 0582626323
040 ## - CATALOGING SOURCE
Original cataloging agency DLC
Transcribing agency DLC
Modifying agency DLC
050 00 - LIBRARY OF CONGRESS CALL NUMBER
Classification number PL8681.
Item number MAV 1979
100 1# - MAIN ENTRY--PERSONAL NAME
Personal name Mavengere, Eric P.
Fuller form of name (Eric Peter),
Dates associated with a name 1940-
245 10 - TITLE STATEMENT
Title Akanyangira yaona /
Statement of responsibility, etc. Eric P. Mavengere.
260 ## - PUBLICATION, DISTRIBUTION, ETC.
Place of publication, distribution, etc. Harare [Zimbabwe] :
Name of publisher, distributor, etc. Published in association with the Literature Bureau [by] Longman,
Date of publication, distribution, etc. 1979
Date of manufacture (1982 printing)
300 ## - PHYSICAL DESCRIPTION
Extent 94 p. ;
Dimensions 18 cm.
500 ## - GENERAL NOTE
General note In Shona.
906 ## - LOCAL DATA ELEMENT F, LDF (RLIN)
a 7
b cbc
c orignew
d 2
e ncip
f 19
g y-gencatlg
942 ## - ADDED ENTRY ELEMENTS (KOHA)
Source of classification or shelving scheme Library of Congress Classification
Koha item type Books
Classification part 8681
Item part MAV
Call number prefix PL
Holdings
Withdrawn status Lost status Damaged status Not for loan Collection code Home library Current library Shelving location Date acquired Total Checkouts Full call number Barcode Date last seen Date last checked out Copy number Price effective from Koha item type
        Fiction City Campus Library City Campus Library General Stacks 09/22/2020 1 PL 8681 MAV 1979 003071 12/05/2024 10/01/2024 c.1 09/22/2020 Books
        Fiction City Campus Library City Campus Library General Stacks 04/12/2021   PL8681 MAV 1979 003072 04/12/2021   c.2 04/12/2021 Books
        Fiction City Campus Library Mashava Campus Library   04/14/2021 1 PL8681 MAV 1979 003031 03/19/2025 03/12/2025 c.3 04/14/2021 Books
        Fiction Mashava Campus Library Mashava Campus Library General Stacks 05/19/2021   PL8681 MAV 1979 003039 05/19/2021   c.4 05/19/2021 Books
        Fiction Mashava Campus Library Mashava Campus Library General Stacks 05/19/2021 1 PL8681 MAV 1979 G21438 11/07/2021 11/02/2021 c.5 05/19/2021 Books
        Fiction Mashava Campus Library Mashava Campus Library General Stacks 05/19/2021   PL8681 MAV 1979 003032 05/19/2021   c.6 05/19/2021 Books